000 00590nam a22001697a 4500
003 UA-OsUOA
001 8536
007 ta
008 20040908b un ||||| |||| 00| 0 ukr d
942 _cSA
040 _aUA-OsUOA
_cUA-OsUOA
_dUA-OsUOA
245 _aПро присвоєння П. Загребельному звання Герой України : Указ Президента України, 25 серп. 2004 р. № 996/2004
300 _aС.1
955 _a0
773 0 _w0
_tЛітературна Украіна
_dКиїв
_d2004
_g№34
650 7 _aЗагребельний П.
_2UDC
999 _c294697
_d294697